Every WWE Tag-Team Champions In The 2020s - Statistics

General Stats
  • This quiz has been taken 42 times
  • The average score is 39 of 75
Answer Stats
Hint Answer % Correct
Jey Uso
100%
Jey Uso
100%
Jimmy Uso
100%
Kofi Kingston
100%
Xavier Woods
100%
Big E
97%
Cody Rhodes
88%
Kevin Owens
81%
Sami Zayn
81%
The Miz
81%
Randy Orton
78%
Rey Mysterio
78%
Dominik Mysterio
75%
Johnny Gargano
75%
Seth Rollins
75%
Damian Priest
72%
Erik
72%
Finn Balor
72%
0 Ivar
72%
R-Truth
72%
Tommaso Ciampa
72%
Angelo Dawkins
69%
JD McDonagh
69%
Matt Riddle
69%
Montez Ford
69%
Finn Balor
66%
AJ Styles
63%
Austin Theory
63%
Grayson Waller
63%
Omos
63%
Alex Shelley
59%
Chris Sabin
59%
Dolph Ziggler
56%
John Morrison
56%
Axiom
50%
Bron Breakker
50%
Chad Gable
50%
Nathan Frazer
50%
Baron Corbin
47%
Murphy
47%
Otis
47%
Pete Dunn
47%
Robert Roode
47%
Cesaro
44%
Kit Wilson
44%
Shinsuke Nakamura
44%
Tama Tonga
44%
Tonga Loa
44%
Wes Lee
44%
Elton Prince
41%
Andre Chase
38%
Tyler Bate
38%
Cedric Alexander
34%
Shelton Benjamin
34%
Tony D'Angelo
34%
Duke Hudson
31%
Nash Carter
28%
Bobby Fish
25%
Brutus Creed
25%
Channing Lorenzo
25%
Julius Creed
25%
Kyle O’Reilly
25%
Marchel Barthel
25%
Trent Seven
25%
Fabian Aichner
22%
Fandango
22%
Joe Coffey
22%
Mark Coffey
22%
Tyler Breeze
19%
Danny Burch
16%
Josh Briggs
16%
Oliver Carter
16%
Oney Lorcan
16%
Brooks Jensen
9%
Ashton Smith
3%
No matching quizzes found
Score Distribution
Percent of People with Each Score
Percentile by Number Answered
Your Score History
You have not taken this quiz